<?xml version="1.0" encoding="UTF-8"?>
<record
    xmlns:xsi="http://www.w3.org/2001/XMLSchema-instance"
    xsi:schemaLocation="http://www.loc.gov/MARC21/slim http://www.loc.gov/standards/marcxml/schema/MARC21slim.xsd"
    xmlns="http://www.loc.gov/MARC21/slim">

  <leader>01923cam a2200421 i 4500</leader>
  <controlfield tag="001">59395</controlfield>
  <controlfield tag="003">CO-BoRNBP</controlfield>
  <controlfield tag="005">20251007224113.0</controlfield>
  <controlfield tag="007">ta</controlfield>
  <controlfield tag="008">230510s2019    ck ao  gr     110 0 spa  </controlfield>
  <datafield tag="020" ind1=" " ind2=" ">
    <subfield code="a">9789589953945</subfield>
  </datafield>
  <datafield tag="040" ind1=" " ind2=" ">
    <subfield code="a">CO-BoBN</subfield>
    <subfield code="b">spa</subfield>
    <subfield code="e">rda</subfield>
    <subfield code="c">CO-BoBN</subfield>
  </datafield>
  <datafield tag="041" ind1="0" ind2=" ">
    <subfield code="a">spa</subfield>
  </datafield>
  <datafield tag="043" ind1=" " ind2=" ">
    <subfield code="a">cl-----</subfield>
    <subfield code="b">s-ck---</subfield>
  </datafield>
  <datafield tag="082" ind1="0" ind2="4">
    <subfield code="a">781.6200798</subfield>
    <subfield code="2">23</subfield>
  </datafield>
  <datafield tag="111" ind1="2" ind2=" ">
    <subfield code="a">Torneo Internacional del Joropo Miguel &#xC1;ngel Mart&#xED;n</subfield>
    <subfield code="n">(51o. :</subfield>
    <subfield code="d">2019 :</subfield>
    <subfield code="c">Villavicencio),</subfield>
    <subfield code="9">65435</subfield>
  </datafield>
  <datafield tag="245" ind1="1" ind2="0">
    <subfield code="a">51 Torneo Internacional del Joropo Miguel &#xC1;ngel Mart&#xED;n :</subfield>
    <subfield code="b">homenaje a Walter Silva /</subfield>
    <subfield code="c">textos, Juli&#xE1;n Isaza Ni&#xF1;o [y otros cuatro] ; fotograf&#xED;a, Constantino Castelblanco Quintana [y cuatro]</subfield>
  </datafield>
  <datafield tag="246" ind1="0" ind2=" ">
    <subfield code="a">Quincuag&#xE9;simo Primer Torneo Internacional del Joropo Miguel &#xC1;ngel Mart&#xED;n</subfield>
  </datafield>
  <datafield tag="250" ind1=" " ind2=" ">
    <subfield code="a">Primera edici&#xF3;n</subfield>
  </datafield>
  <datafield tag="264" ind1=" " ind2="1">
    <subfield code="a">[Colombia] :</subfield>
    <subfield code="b">Cirpa :</subfield>
    <subfield code="b">Gobernaci&#xF3;n del Meta,</subfield>
    <subfield code="c">2019</subfield>
  </datafield>
  <datafield tag="300" ind1=" " ind2=" ">
    <subfield code="a">197 p&#xE1;ginas :</subfield>
    <subfield code="b">ilustraciones y fotograf&#xED;as a color ;</subfield>
    <subfield code="c">31 cm +</subfield>
    <subfield code="e">1 memoria USB</subfield>
  </datafield>
  <datafield tag="336" ind1=" " ind2=" ">
    <subfield code="a">Texto</subfield>
    <subfield code="b">txt</subfield>
    <subfield code="2">rdacontent</subfield>
  </datafield>
  <datafield tag="337" ind1=" " ind2=" ">
    <subfield code="a">Sin mediaci&#xF3;n</subfield>
    <subfield code="b">n</subfield>
    <subfield code="2">rdamedia</subfield>
  </datafield>
  <datafield tag="338" ind1=" " ind2=" ">
    <subfield code="a">Volumen</subfield>
    <subfield code="b">nc</subfield>
    <subfield code="2">rdacarrier</subfield>
  </datafield>
  <datafield tag="650" ind1="1" ind2="4">
    <subfield code="a">Joropo (M&#xFA;sica)</subfield>
    <subfield code="z">Am&#xE9;rica Latina</subfield>
    <subfield code="y">Siglo XXI</subfield>
    <subfield code="v">Concursos</subfield>
    <subfield code="2">LEMB</subfield>
    <subfield code="9">65436</subfield>
  </datafield>
  <datafield tag="650" ind1="2" ind2="4">
    <subfield code="a">Joropo (Danza)</subfield>
    <subfield code="z">Am&#xE9;rica Latina</subfield>
    <subfield code="y">Siglo XXI</subfield>
    <subfield code="v">Concursos</subfield>
    <subfield code="2">LEMB</subfield>
    <subfield code="9">65437</subfield>
  </datafield>
  <datafield tag="650" ind1="2" ind2="4">
    <subfield code="a">M&#xFA;sica llanera</subfield>
    <subfield code="z">Am&#xE9;rica Latina</subfield>
    <subfield code="y">Siglo XXI</subfield>
    <subfield code="v">Concursos</subfield>
    <subfield code="2">LEMB</subfield>
    <subfield code="9">65438</subfield>
  </datafield>
  <datafield tag="650" ind1="2" ind2="4">
    <subfield code="a">M&#xFA;sica folcl&#xF3;rica latinoamericana</subfield>
    <subfield code="y">Siglo XXI</subfield>
    <subfield code="v">Concursos</subfield>
    <subfield code="2">LEMB</subfield>
    <subfield code="9">65439</subfield>
  </datafield>
  <datafield tag="650" ind1="2" ind2="4">
    <subfield code="a">Festivales de m&#xFA;sica</subfield>
    <subfield code="z">Colombia</subfield>
    <subfield code="y">Siglo XXI</subfield>
    <subfield code="2">LEMB</subfield>
    <subfield code="9">65440</subfield>
  </datafield>
  <datafield tag="651" ind1=" " ind2="4">
    <subfield code="a">Meta</subfield>
    <subfield code="x">Historia</subfield>
    <subfield code="y">Siglo XIX</subfield>
    <subfield code="9">65441</subfield>
  </datafield>
  <datafield tag="700" ind1="1" ind2=" ">
    <subfield code="a">Moreno Ria&#xF1;o, Jhon Emerson,</subfield>
    <subfield code="d">1978-,</subfield>
    <subfield code="e">autor</subfield>
    <subfield code="9">50728</subfield>
  </datafield>
  <datafield tag="700" ind1="1" ind2=" ">
    <subfield code="a">Orteg&#xF3;n, Carlos C&#xE9;sar,</subfield>
    <subfield code="d">1964-,</subfield>
    <subfield code="e">autor</subfield>
    <subfield code="9">65442</subfield>
  </datafield>
  <datafield tag="700" ind1="1" ind2=" ">
    <subfield code="a">Usme Andrade, Cielo Isabel,</subfield>
    <subfield code="e">autora</subfield>
    <subfield code="9">65443</subfield>
  </datafield>
  <datafield tag="700" ind1="1" ind2=" ">
    <subfield code="a">Robayo Sanabria, Dar&#xED;o,</subfield>
    <subfield code="e">autor</subfield>
    <subfield code="9">65444</subfield>
  </datafield>
  <datafield tag="700" ind1="1" ind2=" ">
    <subfield code="a">Castelblanco Quintana, Constantino,</subfield>
    <subfield code="e">fot&#xF3;grafo</subfield>
    <subfield code="9">65445</subfield>
  </datafield>
  <datafield tag="942" ind1=" " ind2=" ">
    <subfield code="2">ddc</subfield>
    <subfield code="c">BK</subfield>
  </datafield>
  <datafield tag="990" ind1=" " ind2=" ">
    <subfield code="a">2023-3244</subfield>
    <subfield code="b">Fundaci&#xF3;n Cirpa</subfield>
  </datafield>
  <datafield tag="999" ind1=" " ind2=" ">
    <subfield code="c">59395</subfield>
    <subfield code="d">59395</subfield>
  </datafield>
  <datafield tag="952" ind1=" " ind2=" ">
    <subfield code="0">0</subfield>
    <subfield code="1">0</subfield>
    <subfield code="2">ddc</subfield>
    <subfield code="4">0</subfield>
    <subfield code="7">0</subfield>
    <subfield code="8">GEN</subfield>
    <subfield code="a">MEPLOPEZ</subfield>
    <subfield code="b">MEPLOPEZ</subfield>
    <subfield code="c">GEN</subfield>
    <subfield code="d">2025-10-07</subfield>
    <subfield code="l">0</subfield>
    <subfield code="o">781.6200798</subfield>
    <subfield code="p">PLZ00699</subfield>
    <subfield code="r">2025-10-07 22:44:01</subfield>
    <subfield code="t">Ej.1</subfield>
    <subfield code="w">2025-10-07</subfield>
    <subfield code="y">BK</subfield>
  </datafield>
</record>
